000 00591nam a22002177a 4500
003 UA-OsUOA
001 125735
007 ta
008 20170925b un ||||| |||| 00| 0 ukr d
100 _aВірченко Т.
090 _a82
_bВ55
942 _cSA
040 _aUA-OsUOA
_bukr
_cUA-OsUOA
_dUA-OsUOA
245 _aСучасна українська драматургія: феномен існування
300 _aС.50-56
955 _a0
041 _aukr
080 _a82
773 0 _w125734
650 7 _a82 Література. Літературознавство
_2UDC
999 _c412972
_d412972